000 00946nam a2200277 a 4500
001 1296
003 BDjRUL
005 20211208233318.0
008 131125s19581932xx 001 0 eng d
035 _a(BDjRUl)1318
040 _aCSU
_dBDjRUL
_beng
_cBD-RjUL
041 _aeng
082 _a180
_216
_bCOB
100 1 _aCornford, Francis Macdonald,
_d1874-1943.
_93832
245 1 0 _aBefore and after Socrates /
_cby Francis MacDonald Cornford.
260 _aCambridge :
_bCambridge University Press,
_cc1932 [Reprinted 1958]
300 _ax, 113 p. ;
_c19 cm.
500 _a"The four lectures contained in this book were delivered ... at Cambridge in August, 1932."
505 0 _aI. Ionian science before Socrates. -- II. Socrates. -- III. Plato. -- IV. Aristotle
600 0 0 _aSocrates.
_993233
600 0 0 _aPlato.
_993234
600 0 0 _aAristotle.
_993235
650 0 _aPhilosophy, Ancient.
_93836
942 _2ddc
_cBK
999 _c1296
_d1296